Statistiques concernant Les 10 communes de l'île de Ré sur une carte

Cliquez ici pour prendre le quiz!

Statistiques générales

  • Ce quiz a été pris 94 fois
  • Le résultat moyen est 8 sur 10

Réponses sur la Carte

Les réponses sont colorées sur une échelle allant du rouge au vert en fonction du pourcentage des utilisateurs qui les ont devinées à leur premier essai. Vous pouvez retrouver ces pourcentages ci-dessous.
 

Statistiques - réponses

PopulationCommune% Correct
2 263Saint-Martin-de-Ré
90%
3 017La Flotte
88%
1 297Ars-en-Ré
86%
3 372Sainte-Marie-de-Ré
86%
2 229Le Bois-Plage-en-Ré
80%
587Les Portes-en-Ré
80%
2 374Rivedoux-Plage
80%
698Saint-Clément-des-Baleines
78%
1 104La Couarde-sur-Mer
74%
739Loix
68%

Distribution des résultats

Percentile par nombre de réponses

% des personnes avec chaque résultat

Votre développement - résultats

Vous n’avez pas pris ce quiz